| 000 | 00617nam a2200181Ia 4500 | ||
|---|---|---|---|
| 008 | 090123s9999 xx 000 0 und d | ||
| 082 | _b14343 | ||
| 100 | _aशेवडे गुरुजी | ||
| 245 | _aनेताजी सुभाषचंद्र बोस | ||
| 250 | _a1 | ||
| 260 | _bअजब प्रकाशन | ||
| 300 | _a52 | ||
| 600 | _aशेवडे गुरुजी | ||
| 630 | _aनेताजी सुभाषचंद्र बोस | ||
| 700 | _aशेवडे गुरुजी | ||
| 730 | _aनेताजी सुभाषचंद्र बोस | ||
| 942 | _cBOOK | ||
| 999 |
_c52404 _d52404 |
||